Éled a Sárga
Elmentve itt :
| Szerző: | |
|---|---|
| Dokumentumtípus: | Cikk |
| Megjelent: |
1970-07-28
|
| Sorozat: | Délmagyarország
60 No. 175 |
| Kulcsszavak: | Strand Sárga 1970, Árvíz utáni helyreállítás 1970, uszodák, strandok |
| Online Access: | http://dmarchiv.bibl.u-szeged.hu/64657 |
| LEADER | 00498nab a2200157 i 4500 | ||
|---|---|---|---|
| 001 | delm64657 | ||
| 005 | 20180927151242.0 | ||
| 008 | 180927s1970 hu o 0|| hun d | ||
| 040 | |a SZTE Délmagyarország Archívum |b hun | ||
| 041 | |a hun | ||
| 100 | 1 | |a Szávay István | |
| 245 | 1 | 0 | |a Éled a Sárga |h [elektronikus dokumentum] / |c Szávay István |
| 260 | |c 1970-07-28 | ||
| 300 | |a 3 | ||
| 490 | 0 | |a Délmagyarország |v 60 No. 175 | |
| 695 | |a Strand Sárga 1970, Árvíz utáni helyreállítás 1970, uszodák, strandok | ||